[Event "Politiken Cup 36th"]
[Site "Helsingor"]
[Date "2014.07.29"]
[Round "10"]
[White "Edwardsson, Hannu Kalervo"]
[Black "Hagen, Thorolf"]
[Result "0-1"]
[WhiteElo "1455"]
[BlackElo "1658"]
[PlyCount "62"]
[EventDate "2014.07.21"]
[EventType "swiss"]
[EventRounds "10"]
[EventCountry "DEN"]
[SourceTitle "CBM 161 Extra"]
[Source "ChessBase"]
[SourceDate "2014.08.29"]
[SourceVersion "1"]
[SourceVersionDate "2014.08.29"]
[SourceQuality "1"]

1. e4 e5 2. Nf3 Nc6 3. Be2 Nf6 4. d3 Bc5 5. 0-0 0-0 6. c4 Re8 7. Be3 Qe7 8. Nc3 Bxe3 9. fxe3 d6 10. Nd5 Qd8 11. Nxf6+ Qxf6 12. d4 Qh6 13. Qd2 exd4 14. exd4 Qxd2 15. Nxd2 Nxd4 16. Bd3 Bg4 17. Kh1 Be2 18. Bxe2 Nxe2 19. Rf2 Nd4 20. Rc1 Re5 21. b4 c5 22. b5 b6 23. h3 Rae8 24. Kh2 f5 25. exf5 Rxf5 26. Rxf5 Nxf5 27. Nf3 h6 28. Re1 Rxe1 29. Nxe1 Ne3 30. Nd3 Nxc4 31. Nf4 Na3 0-1

[Event "Politiken Cup 36th"]
[Site "Helsingor"]
[Date "2014.07.22"]
[Round "3"]
[White "Edwardsson, Hannu Kalervo"]
[Black "Maechel, Michael"]
[Result "0-1"]
[WhiteElo "1455"]
[BlackElo "1718"]
[PlyCount "76"]
[EventDate "2014.07.21"]
[EventType "swiss"]
[EventRounds "10"]
[EventCountry "DEN"]
[SourceTitle "CBM 161 Extra"]
[Source "ChessBase"]
[SourceDate "2014.08.29"]
[SourceVersion "1"]
[SourceVersionDate "2014.08.29"]
[SourceQuality "1"]

1. e4 e5 2. Nf3 d6 3. c4 Nf6 4. d3 Bg4 5. Be2 Nc6 6. Nc3 Be7 7. Bd2 0-0 8. 0-0 Nd7 9. Nd5 Bxf3 10. Bxf3 Nc5 11. Nxe7+ Qxe7 12. Be3 Ne6 13. a3 Ncd4 14. Bxd4 Nxd4 15. Bg4 Qg5 16. Kh1 g6 17. Bh3 h5 18. Qc1 Qxc1 19. Raxc1 Ne2 20. Rce1 Nf4 21. Bd7 Nxd3 22. Re2 Nc5 23. Bh3 Nd3 24. g3 Nc5 25. Bg2 Ne6 26. f4 Nd4 27. Ref2 Rad8 28. fxe5 dxe5 29. b4 b6 30. h3 a5 31. bxa5 bxa5 32. a4 Rb8 33. Ra1 Rb4 34. Bf1 Rfb8 35. c5 Nb3 36. Raa2 Nxc5 37. Bb5 Nxe4 38. Kg2 Nxf2 0-1

[Event "Politiken Cup 35th"]
[Site "Helsingor"]
[Date "2013.08.02"]
[Round "8"]
[White "Edwardsson, Hannu Kalervo"]
[Black "Brogaard, Lars"]
[Result "0-1"]
[WhiteElo "1474"]
[BlackElo "1570"]
[PlyCount "48"]
[EventDate "2013.07.27"]
[EventType "swiss"]
[EventRounds "10"]
[EventCountry "DEN"]
[SourceTitle "CBM 155 Extra"]
[Source "ChessBase"]
[SourceDate "2013.08.26"]
[SourceVersion "1"]
[SourceVersionDate "2013.08.26"]
[SourceQuality "1"]

1. e4 g6 2. Nf3 d6 3. Be2 Bg7 4. 0-0 a6 5. d4 b5 6. c4 bxc4 7. Bxc4 e6 8. Nc3 Ne7 9. Rb1 Nd7 10. d5 e5 11. Bg5 h6 12. Bxe7 Qxe7 13. h3 0-0 14. Nh2 Bb7 15. f4 f5 16. exf5 Rxf5 17. fxe5 Rxf1+ 18. Qxf1 Nxe5 19. Kh1 Rf8 20. Qe2 Qh4 21. Ng4 Bc8 22. Nxe5 Bxe5 23. Ne4 Bxh3 24. Rf1 Bg4+ 0-1